000 00290nam a22001337a 4500
008 170830b xxu||||| |||| 00| 0 eng d
020 _a9780923993108
041 _aeng
080 _a070
100 _a39
101 _aMED
245 _aPUBLIC JOURNALIST
_cFRIEDLAND,L.A
942 _2udc
_cBK
999 _c25460
_d25460